Instrumental metodológico para la evaluación ambiental del medio construido en asentamientos humanos urbanos en la ciudad de Masaya, Nicaragua
La investigación aborda un tema de interés y de actualidad, la evaluación ambiental del medio construido en asentamientos humanos urbanos, las diferentes facetas del concepto y las necesidades del ser humano en cuanto a lo urbano. Caracteriza el sistema de asentamientos del país y justifica la s...
| Main Author: | |
|---|---|
| Other Authors: | |
| Format: | Tesis Section = Libro |
| Language: | Undetermined Spanish |
| Published: |
Managua
UNI
2008
|
| Subjects: |
| LEADER | 01276nam a2200229Ia 4500 | ||
|---|---|---|---|
| 008 | 240830s9999 xx 000 0 und d | ||
| 040 | |a BIBLIOTECA-RUSB/ D.Mon 333.7 Z95 | ||
| 041 | |a spa | ||
| 082 | |a D.Mon 333.7 Z95 | ||
| 100 | 1 | |a Zúñiga Portillo, Alicia Alejandra | |
| 245 | 1 | 0 | |a Instrumental metodológico para la evaluación ambiental del medio construido en asentamientos humanos urbanos en la ciudad de Masaya, Nicaragua |
| 260 | |a Managua |b UNI |c 2008 | ||
| 300 | |a 172 p. :il. | ||
| 502 | |a Tesis (Doctor en Ciencias del Ambiente) - UNI, 2008. | ||
| 520 | 3 | |a La investigación aborda un tema de interés y de actualidad, la evaluación ambiental del medio construido en asentamientos humanos urbanos, las diferentes facetas del concepto y las necesidades del ser humano en cuanto a lo urbano. Caracteriza el sistema de asentamientos del país y justifica la selección del objeto de estudio. Presenta el instrumental metodológico para evaluar la calidad ambiental en los asentamientos seleccionados. | |
| 650 | 7 | |a MEDIO AMBIENTE - VALORACIÓN AMBIENTAL | |
| 650 | 7 | |b ASENTAMIENTOS URBANOS - CALIDAD AMBIENTAL | |
| 650 | 7 | |c GESTIÓN MEDIO AMBIENTE | |
| 700 | 1 | |a Tutor: |b Gómez Ortega, Graciela Dionides | |
| 942 | |c BK |2 ddc | ||
| 991 | |a TESIS | ||
| 999 | |c 19198 | ||